| 000 | 02982cam a2200457 i 4500 | ||
|---|---|---|---|
| 999 |
_c113366 _d113366 |
||
| 001 | 18481036 | ||
| 003 | BJBSDDR | ||
| 005 | 20230411090602.0 | ||
| 007 | ta | ||
| 008 | 150205s2015 enk b 001 0 eng | ||
| 010 | _a 2015002342 | ||
| 020 | _a9781137375933 (hardback) | ||
| 020 | _a1137375930 (hardback) | ||
| 040 |
_aDLC _bspa _cDLC _erda _dDLC |
||
| 041 | _aeng | ||
| 042 | _apcc | ||
| 050 | 0 | 0 |
_aHD 6270 _bV879g 2015 |
| 082 | 0 | 0 |
_a331.3/41370973 _223 |
| 100 | 1 |
_aVogel, Peter _98650 |
|
| 245 | 1 | 0 |
_aGeneration jobless? : _bturning the youth unemployment crisis into opportunity / _cPeter Vogel. |
| 264 | 1 |
_aHoundsmills, Basingstoke, Hampshire ; _aNew York, NY : _bPalgrave Macmillan, _c2015. |
|
| 300 |
_axxiii, 253 pages ; _c23 cm |
||
| 336 |
_atext _2rdacontent |
||
| 337 |
_aunmediated _2rdamedia |
||
| 338 |
_avolume _2rdacarrier |
||
| 504 | _aIncludes bibliographical references (pages 234 -243) and index. | ||
| 505 | _aMachine generated contents note: -- Foreword -- PART I: YOUTH UNEMPLOYMENT -- BACKGROUND AND OUTLOOK -- 1. The Youth Unemployment Crisis and the Threat of a 'Generation Jobless' -- 2. Milennials and Digital Natives -- 3. Trends and Outlook -- PART II: FROM CRISIS TO OPPORTUNITY -- 4. Entrepreneurship: Turning Job Seekers into Job Creators -- 5. Addressing the Gap Between the Education System and the Labor Market -- 6. Employers' Contribution to Tackling Youth Unemployment -- 7. Designing Active Labor Market Policies To Tackle Youth Unemployment -- 8. More Solutions -- 9. Building Multi-Stakeholder Solutions for Youth Unemployment -- Afterword | ||
| 520 |
_a"Generation Jobless? uniquely explores the characteristics of both today's and tomorrow's youth and the causes of the youth unemployment crisis. The book takes a global, multi-stakeholder perspective to showcase proven solutions to tackle the crisis. Featuring interviews and input from business leaders, policy makers, educators, entrepreneurs and the Next Generation itself, it offers a positive and constructive look at change by directing each group to become part of the solution and in particular youth to take on responsibility for themselves and their peers by turning into job creators rather than job seekers. #generationjobless"-- _cProvided by publisher. |
||
| 650 | 0 |
_aYouth _xEmployment. |
|
| 650 | 0 | _aLabor market. | |
| 650 | 0 | _aEntrepreneurship. | |
| 650 | 0 | _aManpower policy. | |
| 650 | 4 |
_aMercados de trabajo _92234 |
|
| 650 | 4 |
_aJuventud _910391 _xEmpleo |
|
| 650 | 4 |
_aPolĂtica de mano de obra _9317 |
|
| 650 | 4 |
_aEmprendimiento _9381 |
|
| 856 | 4 | 2 |
_3Cover image _uhttp://www.netread.com/jcusers2/bk1388/933/9781137375933/image/lgcover.9781137375933.jpg |
| 906 |
_a7 _bcbc _corignew _d1 _eecip _f20 _gy-gencatlg |
||
| 942 |
_2lcc _cBK |
||